The Indian succession act: (Record no. 181454)

MARC details
000 -LEADER
fixed length control field 00725nam a22002057a 4500
005 - DATE AND TIME OF LATEST TRANSACTION
control field 20210914170040.0
010 ## - LCCN (DPL NO)
LC control number ENG-129916
020 ## - INTERNATIONAL STANDARD BOOK NUMBER
International Standard Book Number 978-93-86515834
Terms of availability 2202.00
035 ## - SYSTEM CONTROL NUMBER
System control number EN-113448
037 ## - SOURCE OF ACQUISITION
Source of stock number/acquisition DBAD/PUB
082 ## - DEWEY DECIMAL CLASSIFICATION NUMBER
Classification number 346.54052
100 ## - MAIN ENTRY--PERSONAL NAME
Personal name Kannan,K
245 ## - TITLE STATEMENT
Title The Indian succession act:
Statement of responsibility, etc by K Kannan
250 ## - EDITION STATEMENT
Edition statement 12th ed.
260 ## - PUBLICATION, DISTRIBUTION, ETC. (IMPRINT)
Name of publisher, distributor, etc Lexis Nexis
Place of publication, distribution, etc India
Date of publication, distribution, etc 2019
270 ## - ADDRESS
City Gurgaon
Postal code 122002
Address 14th Floor , Building No 10, Tower-B, DLF Cyber City, phase -ll
Telephone number +91 124 4774444
Fax number +91 124 4774100
Electronic mail address help.in@lexisnexis.com
300 ## - PHYSICAL DESCRIPTION
Extent ccxii,1415p.
Dimensions 25cm(hbk)
500 ## - GENERAL NOTE
General note formar judge,Punjab,& Haryana High court chairman,Railway claims tribunal
942 ## - ADDED ENTRY ELEMENTS (KOHA)
Source of classification or shelving scheme Dewey Decimal Classification
Item type English Books
Classification part 346.54052
Call number suffix KAN
Holdings
Withdrawn status Lost status Not for loan Collection code Home library Current library Date acquired Source of acquisition Cost, normal purchase price Full call number Barcode Copy number Cost, replacement price Koha item type
      Reference Central Library Central Library 14/09/2021 DBAD/PUB 2202.00 346.54052 KAN EN-113448 1 2202.00 English Books

© Delhi Public Library
Hit Counter
free hit counter